000 00367nam a2200145Ia 4500
008 191206s9999 xx 000 0 und d
020 _a0385235518 :
090 _aPR6057.O75
245 0 _aWychford murders
260 _aPublished for the Crime Club by Doubleday
260 _bCrime club
260 _cc1986
300 _a186 p. ; 22 cm.
999 _c17342
_d17342